000 00355nam a2200145Ia 4500
008 100122s9999 xx 000 0 und d
082 _b45772
_a823
100 _aMISTRY ROHINTON
245 _aSUCH A LONG JOURNEY
260 _bRUPA & COMPANY
_c1991
300 _a339
630 _aSUCH A LONG JOURNEY
730 _aSUCH A LONG JOURNEY
942 _cBOOK
999 _c373857
_d373854